MARC details
| 000 -LEADER |
| fixed length control field |
02554cam a22004694i 4500 |
| 001 - CONTROL NUMBER |
| control field |
on1144767308 |
| 003 - CONTROL NUMBER IDENTIFIER |
| control field |
OCoLC |
| 005 - DATE AND TIME OF LATEST TRANSACTION |
| control field |
20230227142937.0 |
| 008 - FIXED-LENGTH DATA ELEMENTS--GENERAL INFORMATION |
| fixed length control field |
201229t20212021nyu j b 000 0aeng |
| 010 ## - LIBRARY OF CONGRESS CONTROL NUMBER |
| LC control number |
2020053393 |
| 020 ## - INTERNATIONAL STANDARD BOOK NUMBER |
| International Standard Book Number |
9780374314071 |
| Qualifying information |
(hardcover) : |
| Terms of availability |
$18.99 |
| 020 ## - INTERNATIONAL STANDARD BOOK NUMBER |
| International Standard Book Number |
0374314071 |
| Qualifying information |
(hardcover) |
| 020 ## - INTERNATIONAL STANDARD BOOK NUMBER |
| Cancelled/invalid ISBN |
9780374314095 |
| 020 ## - INTERNATIONAL STANDARD BOOK NUMBER |
| Cancelled/invalid ISBN |
0374314098 |
| 035 ## - SYSTEM CONTROL NUMBER |
| System control number |
(OCoLC)1144767308 |
| Canceled/invalid control number |
(OCoLC)1264107074 |
| 040 ## - CATALOGING SOURCE |
| Original cataloging agency |
DLC |
| Language of cataloging |
eng |
| Description conventions |
rda |
| Transcribing agency |
DLC |
| Modifying agency |
BDX |
| -- |
YDX |
| -- |
OCLCO |
| -- |
OCLCF |
| -- |
GK8 |
| -- |
OCLCO |
| -- |
OCO |
| -- |
ILC |
| -- |
JQM |
| -- |
MZG |
| -- |
UKMGB |
| -- |
IEB |
| -- |
OCL |
| -- |
OCLCO |
| -- |
ANK |
| -- |
UPB |
| 042 ## - AUTHENTICATION CODE |
| Authentication code |
pcc |
| -- |
lcac |
| 050 00 - LIBRARY OF CONGRESS CALL NUMBER |
| Classification number |
RD763 |
| Item number |
.H38 2021 |
| 082 00 - DEWEY DECIMAL CLASSIFICATION NUMBER |
| Classification number |
617.5/2 |
| Edition number |
23 |
| 092 ## - LOCALLY ASSIGNED DEWEY CALL NUMBER (OCLC) |
| Classification number |
junior nonfiction |
| Item number |
Henley |
| 100 1# - MAIN ENTRY--PERSONAL NAME |
| Personal name |
Henley, Ariel, |
| Dates associated with a name |
1991- |
| Relator term |
author. |
| 9 (RLIN) |
6443898 |
| 245 12 - TITLE STATEMENT |
| Title |
A face for Picasso : |
| Remainder of title |
coming of age with Crouzon syndrome / |
| Statement of responsibility, etc |
Ariel Henley. |
| 246 34 - VARYING FORM OF TITLE |
| Title proper/short title |
Face for Picasso : |
| Remainder of title |
a memoir : Beauty is subjective. Pain is universal |
| 250 ## - EDITION STATEMENT |
| Edition statement |
First edition. |
| 264 #1 - Production, Publication, Distribution, Manufacture, and Copyright Notice. |
| Place of production, publication, distribution, manufacture |
New York : |
| Name of producer, publisher, distributor, manufacturer |
Farrar Straus Giroux, |
| Date of production, publication, distribution, manufacture, or copyr |
2021. |
| 264 #4 - Production, Publication, Distribution, Manufacture, and Copyright Notice. |
| Date of production, publication, distribution, manufacture, or copyr |
©2021 |
| 300 ## - PHYSICAL DESCRIPTION |
| Extent |
378 pages ; |
| Dimensions |
22 cm |
| 336 ## - Content Type |
| Content type term |
text |
| 337 ## - Media type |
| Media type term |
unmediated |
| 338 ## - Carrier type |
| Carrier type term |
volume |
| 504 ## - BIBLIOGRAPHY, ETC. NOTE |
| Bibliography, etc |
Includes bibliographical references. |
| 520 ## - SUMMARY, ETC. |
| Summary, etc |
"A YA nonfiction story about Ariel and her twin sister's experience living with Crouzon Syndrome"-- |
| 520 ## - SUMMARY, ETC. |
| Summary, etc |
At only eight months old, identical twin sisters Ariel and Zan were diagnosed with Crouzon syndrome, a rare condition where the bones in the head fuse prematurely. They were the first twins known to survive the disease. They endured numerous appearance-altering procedures as they grew up. Surgeons would break the bones in their heads and faces to make room for their growing organs. While the physical aspect of their condition was painful, it was nothing compared to the emotional toll of navigating life with a facial disfigurement. Here Ariel explores beauty, identity, resilience-- and the strength it takes to put your life, and yourself, back together time and time again. -- adapted from jacket |
| 583 ## - ACTION NOTE |
| Action |
Jcat |
| Time/date of action |
20220308 |
| Action agent |
pjr |
| Institution to which field applies |
UPB |
| 586 ## - AWARDS NOTE |
| Awards note |
Schneider Family Book Award Honor Book for Teens, 2022. |
| 586 ## - AWARDS NOTE |
| Awards note |
YALSA Award for Excellence in Nonfiction for Young Adults, Finalist 2023. |
| 600 10 - SUBJECT ADDED ENTRY--PERSONAL NAME |
| Personal name |
Henley, Ariel, |
| Dates associated with a name |
1991- |
| General subdivision |
Health |
| Form subdivision |
Juvenile literature. |
| 9 (RLIN) |
6443899 |
| 650 #0 - SUBJECT ADDED ENTRY--TOPICAL TERM |
| Topical term or geographic name as entry element |
Craniofacial dysostosis |
| General subdivision |
Patients |
| Form subdivision |
Biography |
| -- |
Juvenile literature. |
| 9 (RLIN) |
6443900 |
| 650 #0 - SUBJECT ADDED ENTRY--TOPICAL TERM |
| Topical term or geographic name as entry element |
Schneider Family Book Award |
| 9 (RLIN) |
6401276 |
| 655 #0 - INDEX TERM--GENRE/FORM |
| Genre/form data or focus term |
Young adult literature. |
| 9 (RLIN) |
5700578 |
| 942 ## - ADDED ENTRY ELEMENTS (KOHA) |
| Source of classification or shelving scheme |
Dewey Decimal Classification |
| Koha item type |
BOOK |